书目信息 |
| 题名: |
这样吃最营养
|
|
| 作者: | 基尔申曼 著 ;朱奇志 , 范岳峰 , 胡立宝 译 | |
| 分册: | ||
| 出版信息: | 北京 东方出版社 2009.05 |
|
| 页数: | 152页 | |
| 开本: | 24cm | |
| 丛书名: | ||
| 单 册: | ||
| 中图分类: | R151.3 | |
| 科图分类: | ||
| 主题词: | 食物营养--Shi Pin Ying Yang Fen Xi | |
| 电子资源: | ||
| ISBN: | 978-7-5060-3485-2 | |
| 000 | 01098nam0 2200289 450 | |
| 001 | 012009613854 | |
| 005 | 20100524113413.79 | |
| 010 | @a978-7-5060-3485-2@dCNY25.00 | |
| 100 | @a20100515d2009 em y0chiy0110 ea | |
| 101 | 1 | @achi@ceng |
| 102 | @aCN@b110000 | |
| 105 | @ay z 000yy | |
| 200 | 1 | @a这样吃最营养@AZhe Yang Chi Zui Ying Yang@d= Nutrition almanac@f(美) 约翰·D. 基尔申曼著@F(mei)yue han·D.ji er shen man zhu@g朱奇志, 范岳峰, 胡立宝译@Gzhu qi zhi,fan yue feng,hu li bao yi@zeng |
| 210 | @a北京@c东方出版社@d2009.05 | |
| 215 | @a152页@d24cm | |
| 305 | @a据原书第6版译出 | |
| 306 | @a由东方出版社和美国麦格劳-希尔教育(亚洲)出版公司合作出版 | |
| 330 | @a本书包括食物表和食物营养成分表两部分,尤其是介绍维生素和矿物质的神奇效果。 | |
| 510 | 1 | @aNutrition almanac@zeng |
| 606 | 0 | @a食物营养@AShi Pin Ying Yang Fen Xi |
| 690 | @aR151.3@v4 | |
| 701 | 1 | @a基尔申曼@Aji er shen man@g(Kirschmann, John D.)@4著 |
| 702 | 0 | @a朱奇志@AZhu Ji Zhi@4译 |
| 702 | 0 | @a范岳峰@Afan yue feng@4译 |
| 702 | 0 | @a胡立宝@Ahu li bao@4译 |
| 801 | 0 | @aCN@c20100515 |
| 905 | @dR151.3@eJ038@f3 | |
| 这样吃最营养= Nutrition almanac/(美) 约翰·D. 基尔申曼著/朱奇志, 范岳峰, 胡立宝译.-北京:东方出版社,2009.05 |
| 152页;24cm |
| ISBN 978-7-5060-3485-2:CNY25.00 |
| 本书包括食物表和食物营养成分表两部分,尤其是介绍维生素和矿物质的神奇效果。 |
| ● |
| 相关链接 |
|
|
|
正题名:这样吃最营养
索取号:R151.3/J038
 
预约/预借
| 序号 | 登录号 | 条形码 | 馆藏地/架位号 | 状态 | 备注 |